Statistics for Formula One Drivers

Click here to take the quiz!

General Stats

  • This quiz has been taken 816 times
    (815 since last reset)
  • The average score is 14 of 24

Answer Stats

Answer % Correct
Lewis Hamilton
97%
Sebastian Vettel
93%
Fernando Alonso
90%
Jenson Button
88%
Felipe Massa
82%
Nico Rosberg
82%
Mark Webber
81%
Michael Schumacher
81%
Kimi Raikkonen
73%
Segio Perez
59%
Nico Hulkenburg
58%
Romain Grosjean
56%
Pastor Maldonado
51%
Bruno Senna
51%
Daniel Ricciardo
49%
Paul di Resta
48%
Heikki Kovalainen
44%
Kamui Kobayashi
44%
Jean-Eric Vergne
40%
Charles Pic
38%
Timo Glock
36%
Vitaly Petrov
31%
Narain Karthikeyan
31%
Pedro de la Rosa
28%

Score Distribution

Percentile by Number Answered

Percent of People with Each Score

Your Score History

You have not taken this quiz since the last reset